[Event "Nassau CC-ch"]
[Site "Mineola"]
[Date "2002.12.16"]
[Round "9"]
[White "Panken, Richard"]
[Black "Edelson, Jack L"]
[Result "1/2-1/2"]
[WhiteElo "1946"]
[BlackElo "1644"]
[PlyCount "160"]
[EventDate "2002.12.10"]
[EventType "swiss"]
[EventRounds "9"]
[EventCountry "USA"]
[SourceTitle "EXT 2004"]
[Source "ChessBase"]
[SourceDate "2003.11.25"]
[SourceVersion "1"]
[SourceVersionDate "2003.11.25"]
[SourceQuality "1"]

1. e4 e5 2. Nf3 Nf6 3. Nxe5 d6 4. Nf3 Nxe4 5. d4 d5 6. Bd3 Bd6 7. 0-0 0-0 8. Re1 Re8 9. c4 c6 10. cxd5 cxd5 11. Nc3 Nxc3 12. bxc3 Bg4 13. Rxe8+ Qxe8 14. Bd2 Qd7 15. h3 Bh5 16. Qe2 Qe7 17. Qxe7 Bxe7 18. Re1 Nc6 19. Ne5 Bf6 20. Nd7 Be7 21. Rb1 b6 22. Re1 Bd6 23. Bb5 Na5 24. Ne5 a6 25. Bd3 b5 26. g4 Bg6 27. Nxg6 hxg6 28. Kg2 Nc4 29. Bc1 Kf8 30. f4 Re8 31. Rxe8+ Kxe8 32. Kf3 f5 33. gxf5 gxf5 34. Bxf5 Kd8 35. h4 Bc7 36. Be6 Ba5 37. Bxd5 Bxc3 38. Ke4 g6 39. Bxc4 bxc4 40. Kd5 Be1 41. Kxc4 Bxh4 42. Be3 Kc7 43. Kd5 Kd7 44. a4 Be7 45. Bd2 Bd6 46. Ke4 Ke7 47. Ba5 Kd7 48. Bb6 Kc6 49. Bd8 Kd7 50. Bf6 Ke6 51. Be5 Be7 52. d5+ Kd7 53. Kd4 Ba3 54. Ke4 Be7 55. f5 gxf5+ 56. Kxf5 Bb4 57. Ke4 Bf8 58. Kd4 Ba3 59. Kc4 Bf8 60. Bb8 Ba3 61. Ba7 Kd6 62. Bb6 Bc1 63. Bc5+ Kd7 64. Bb4 Be3 65. Bc5 Bd2 66. Ba7 Kd6 67. Bb8+ Kd7 68. Be5 Be1 69. Kc5 a5 70. Kb5 Bb4 71. Bb8 Be1 72. Kc4 Bb4 73. Ba7 Kd6 74. Bb8+ Kd7 75. Kb5 Be1 76. Be5 Bb4 77. Bd4 Kd6 78. Bb6 Kxd5 79. Bxa5 Bxa5 80. Kxa5 Kc5 1/2-1/2

[Event "Nassau CC-ch"]
[Site "Mineola"]
[Date "2002.12.02"]
[Round "7"]
[White "Edelson, Jack L"]
[Black "Kaplan, Ivan"]
[Result "1-0"]
[WhiteElo "1644"]
[BlackElo "1782"]
[PlyCount "41"]
[EventDate "2002.12.10"]
[EventType "swiss"]
[EventRounds "9"]
[EventCountry "USA"]
[SourceTitle "EXT 2004"]
[Source "ChessBase"]
[SourceDate "2003.11.25"]
[SourceVersion "1"]
[SourceVersionDate "2003.11.25"]
[SourceQuality "1"]

1. Nf3 Nf6 2. d4 d5 3. c4 e6 4. Bg5 h6 5. Bh4 Be7 6. Nc3 c6 7. e3 Nbd7 8. Rc1 Nb6 9. Ne5 g5 10. Bg3 Nbd7 11. cxd5 exd5 12. f4 Nxe5 13. fxe5 Nh7 14. e4 Be6 15. exd5 cxd5 16. Qh5 Nf8 17. Bb5+ Nd7 18. 0-0 a6 19. Nxd5 Bxd5 20. e6 axb5 21. Qxf7# 1-0

[Event "Nassau CC-ch"]
[Site "Mineola"]
[Date "2002.11.04"]
[Round "3"]
[White "Edelson, Jack L"]
[Black "Tamarkin, Larry S"]
[Result "0-1"]
[WhiteElo "1644"]
[BlackElo "2026"]
[PlyCount "54"]
[EventDate "2002.12.10"]
[EventType "swiss"]
[EventRounds "9"]
[EventCountry "USA"]
[SourceTitle "EXT 2004"]
[Source "ChessBase"]
[SourceDate "2003.11.25"]
[SourceVersion "1"]
[SourceVersionDate "2003.11.25"]
[SourceQuality "1"]

1. Nc3 c5 2. e4 Nc6 3. Nf3 g6 4. d4 cxd4 5. Nxd4 Bg7 6. Be3 Nf6 7. Bc4 Qa5 8. Qd2 Nxe4 9. Nxc6 Qxc3 10. Qxc3 Nxc3 11. Nxa7 Na4 12. Bb3 Nxb2 13. Nb5 0-0 14. Nc7 Ra5 15. 0-0 Na4 16. Bd2 Nc3 17. Bxc3 Bxc3 18. Rad1 e6 19. a4 d5 20. Nb5 Bb4 21. Rd4 Bc5 22. Rd3 b6 23. Rc1 Ba6 24. c4 dxc4 25. Bxc4 Rxa4 26. Rd7 Rxc4 27. Rxc4 Bxb5 0-1